| 000 | 00619cam a22002053a 4500 | ||
|---|---|---|---|
| 001 | 33922 | ||
| 003 | PGUSA | ||
| 005 | 20140828083731.0 | ||
| 008 | 101015s2010||||xxu|||||s|||||000 | eng d | ||
| 040 |
_aPGUSA _beng |
||
| 042 | _adc | ||
| 100 | 1 |
_aMoffett, Cleveland, _d1863-1926 |
|
| 245 | 1 | 0 |
_aTrue Detective Stories : _bFrom the archives of the Pinkertons _h[electronic resource] / _cCleveland Moffett |
| 260 |
_bProject Gutenberg, _c2010 |
||
| 506 | _aPublic domain in the USA. | ||
| 516 | _aElectronic text | ||
| 830 | 0 |
_aProject Gutenberg _v33922 |
|
| 856 | 4 | 0 | _uhttp://www.gutenberg.org/ebooks/33922 |
| 942 | _cEB | ||
| 999 |
_c263177 _d263177 |
||